logo

Bir Sreshtho Munshi Abdur Rouf Library
Jhenaidah Cadet College

The islanders / (Record no. 7256)

MARC details
000 -LEADER
fixed length control field 00852nam a2200289 a 4500
001 - CONTROL NUMBER
JCCL Control Number 7256
003 - CONTROL NUMBER IDENTIFIER
JCCL marc code BD-JhCC
005 - DATE AND TIME OF LATEST TRANSACTION
control field 20180206192634.0
008 - FIXED-LENGTH DATA ELEMENTS--GENERAL INFORMATION
fixed length control field 860101s1967 enka j 000 1 eng d
035 ## - SYSTEM CONTROL NUMBER
system control number (BD-JhCC)7256
040 ## - CATALOGING SOURCE
Original cataloging agency MUS
Transcribing agency MUS
Modifying agency OCL
-- UKM
-- EQO
-- BD-JhCC
041 ## - LANGUAGE CODE
Language code of Book eng
082 ## - DEWEY DECIMAL CLASSIFICATION NUMBER
Classification number 823.91
DDC Edition number 18
100 1# - MAIN ENTRY--PERSONAL NAME
Personal name Pertwee, Roland,
Dates associated with a name 1885-1963.
245 14 - TITLE STATEMENT
Title The islanders /
Statement of responsibility, etc Roland Pertwee; illustrated by Ernest H. Shepard
260 ## - PUBLICATION, DISTRIBUTION, ETC. (IMPRINT)
Place of publication, distribution, etc London :
Name of publisher, distributor, etc Oxford University Press,
Date of publication, distribution, etc 1967.
300 ## - PHYSICAL DESCRIPTION
Pagination 269 p. :
Other physical details ill. ;
Dimensions 20 cm
490 1# - SERIES STATEMENT
Series statement Oxford Children's Library
500 ## - GENERAL NOTE
General note Dust jacket
500 ## - GENERAL NOTE
General note First published in 1950
650 ## - SUBJECT ADDED ENTRY--TOPICAL TERM
Topical term or geographic name as entry element Adventure stories
651 ## - SUBJECT ADDED ENTRY--GEOGRAPHIC NAME
Geographic name England
General subdivision Devon
700 1# - ADDED ENTRY--PERSONAL NAME
Personal name Shepard, Ernest H.
Fuller form of name (Ernest Howard),
Dates associated with a name 1879-1976.
830 #0 - SERIES ADDED ENTRY--UNIFORM TITLE
Uniform title Oxford Children's Library
942 ## - ADDED ENTRY ELEMENTS (KOHA)
Source of classification or shelving scheme Dewey Decimal Classification
Koha item type Books
Holdings
Source of classification or shelving scheme Damaged status Not for loan Home library Current library Shelving location Date of accession Total Checkouts Full call number Barcode Date last seen Copy number Koha item type
Dewey Decimal Classification     JCC Rouf Library JCC Rouf Library General Stacks 02/06/2018   823.91 PER 1967 8851 02/06/2018 C-1 Books

JCC Library | Contacts | JCC Home

Last Update on 23 September 2017
Copyright @ 2017-2020 JCC Rouf Library
Rouf Library, Jhenidah Cadet College (JCC), Bangladesh